000 00984nam a22002537a 4500
005 20170124103041.0
010 _aA-686760
020 _c125.00
035 _aA-686760
037 _bCen Lib/Ret
040 _aDPL
_bHN
082 _a
_bबेदीसु
100 _aबेदी, सुषम
_967085
245 _aलौटना /
_cसुषम बेदी
246 _aLautana /
_bby Susham Bedi
260 _bपराग प्रकाशन
_aदिल्ली
_c1954
270 _b दिल्ली
_a3/114, कर्ण गली विश्वास नगर, शाहदरा
_e110032
300 _a197पृ.
_c19सेमी(सजिल्द )
650 _a हिंदी साहित्य
_x
_z
_967086
650 _a हिंदी साहित्य
_xउपन्यास
_942619
650 _aHindi literature
_967087
650 _aHindi literature
_xFiction
_967088
942 _2ddc
_cHN
_h
_mबेदीसु
999 _c116546
_d116546